000 01585nam2a22003011 4500
001 v19\rc\1341244
005 20250618072746.0
035 _a(NLR Aleph) 004489622
090 _a4643667
_c4643667
100 _a20060512d1858 |||y0rusy50 ca
101 0 _arus
102 _aRU
105 _ay z |||||
135 _acrcn 024anaba
200 1 _aЗаключающий в себе изучение счисления на счетах, четыре арифметические правила над числами простыми и именованными, и задачи к сим правилам
215 _a50 с.
325 1 _aКопия доступна в электронной библиотеке РНБ
461 0 _1001v19\rc\1341241
_12001#$aРуководство к изучению русской грамоты и счисления$vОтд. 3
_1700#1$aГлавинский$bИ.$gИван
_94643654
_aГлавинский, И.
_cСанкт-Петербург
_d1858
_nтип. бр. Круг
_oВ 3 отд. Отд. 1-3
_p3 т.
_tРуководство к изучению русской грамоты и счисления
_vОтд. 3
801 0 _aRU
_bNLR
_gpsbo
801 0 _aRU
_bRuMoRGB
_2psbo
801 1 _aRU
_bProSoft-M
_2rusmarc
852 _aNLR
_j18.98.4.40(3)
899 _aБАН
901 _eКнижные издания
942 _cBOOK
980 _aNB
981 2 2 _a(22) Материалы по истории России
_b(22) Культура. Наука. Просвещение.